Vista normal
Vista MARC
Entrada Personal Name
Número de registros utilizados en: 1
001 - CONTROL NUMBER
- control field: 2153
003 - CONTROL NUMBER IDENTIFIER
- control field: OSt
005 - DATE AND TIME OF LATEST TRANSACTION
- control field: 20130508124433.0
008 - FIXED-LENGTH DATA ELEMENTS
- fixed length control field: 130508|||a|||||| | ||| d
040 ## - CATALOGING SOURCE
- Original cataloging agency: OSt
- Transcribing agency: OSt
100 ## - HEADING--PERSONAL NAME
- Personal name: Pablo-Júlvez, Luis E.
670 ## - SOURCE DATA FOUND
- Source citation: Work cat.: (OSt): García-Feijóo, Julián 2152, Manual de oftalmología / , 2012.